| 000 | 00521nam a2200169 i 4500 | ||
|---|---|---|---|
| 001 | 85189 | ||
| 003 | ES-MaACL | ||
| 005 | 20231227062538.0 | ||
| 007 | t| | ||
| 008 | 041126s1981 sp ||||1| spa d | ||
| 100 | 1 |
_aJiménez, Juan Ramón, _d1881-1958 _966417 |
|
| 245 | 1 | 0 |
_aJuan Ramón Jiménez en su centenario / _cJuan Ramón Jiménez. |
| 260 |
_aCáceres : _bDelegación Provincial del Ministerio de Cultura, _c1981. |
||
| 300 |
_a323 p. ; _c22 cm. |
||
| 852 |
_aES-MaACL _jL-2015 _bR.102985 |
||
| 999 |
_c85189 _d85189 |
||